LDR 00657naa#a2200157#i#450# 001 EN\\bibl\20027 005 20260701121600.3 100 ## _a20260630b2026####ek#y0engy0150####ca 102 ## _aRU 200 1# _aPROBABILISTIC JUSTIFICATION OF THE LEAST SQUARES METHOD THROUGH THE PRINCIPLE OF MAXIMUM LIKELIHOOD _eConference article/thesis 210 1# _aVoronezh _cFSBE Institution of Higher Education Voronezh State University of Forestry and Technologies named after G.F. Morozov _d2026 215 ## _a9 с. 608 ## _aConference article/thesis _2local 675 ## _aМетод наименьших квадратов. 519.654 _z 700 #1 _aSpesivtsev _gG. A. 856 4# _abibl.vgltu.ru _u